Meranie efektívnosti marketingových aktivít v podniku bakalárska práca

Uložené v:
Podrobná bibliografia
Hlavný autor: Mašánová, Renáta
Korporativný autor: Obchodná fakulta EU. Katedra marketingu
Ďalší autori: Oreský, Milan, 1956-
Médium: Kniha
Jazyk:Slovak
Vydavateľské údaje: Bratislava 2011
Tagy: Pridať tag
Žiadne tagy, Buďte prvý, kto otaguje tento záznam!

MARC

LEADER 00000nbm a2200000 4500
001 0140521
005 20161109111721.3
041 0 |a slo 
044 |a SK 
245 1 0 |a Meranie efektívnosti marketingových aktivít v podniku  |b bakalárska práca  |c Renáta Mašánová ; školiteľ: Milan Oreský 
264 1 |a Bratislava  |c 2011 
300 |a 73 s. 
100 1 |a Mašánová, Renáta 
700 1 |a Oreský, Milan, 1956- 
710 2 |a Obchodná fakulta EU. Katedra marketingu